ARRUPE JESUIT UNIVERSITY

CORONAVIRUS -STOP THE SPREAD - CLEAN,DISINFECT,COVER

The missing Jesus : (Record no. 126886)

MARC details
000 -LEADER
fixed length control field 01114cam a22002774a 4500
001 - CONTROL NUMBER
control field 12947374
003 - CONTROL NUMBER IDENTIFIER
control field ARRUPE
005 - DATE AND TIME OF LATEST TRANSACTION
control field 20170904123402.0
008 - FIXED-LENGTH DATA ELEMENTS--GENERAL INFORMATION
fixed length control field 020927s2002 mau b 101 0 eng
010 ## - LIBRARY OF CONGRESS CONTROL NUMBER
LC control number 2002015971
020 ## - INTERNATIONAL STANDARD BOOK NUMBER
International Standard Book Number 0391041827 (pbk.)
020 ## - INTERNATIONAL STANDARD BOOK NUMBER
International Standard Book Number 0391041835
040 ## - CATALOGING SOURCE
Original cataloging agency DLC
Transcribing agency DLC
Modifying agency DLC
042 ## - AUTHENTICATION CODE
Authentication code pcc
050 00 - LIBRARY OF CONGRESS CALL NUMBER
Classification number BT590.J8
Item number C445 2002
082 00 - DEWEY DECIMAL CLASSIFICATION NUMBER
Classification number 232.9
Edition number 21
300 ## - PHYSICAL DESCRIPTION
Dimensions 24 cm.
100 1# - MAIN ENTRY--PERSONAL NAME
Personal name Chilton, Bruce.
9 (RLIN) 20964
245 14 - TITLE STATEMENT
Title The missing Jesus :
Remainder of title rabbinic Judaism and the New Testament /
Statement of responsibility, etc by Bruce A. Chilton, Craig Evans & Jacob Neusner.
260 ## - PUBLICATION, DISTRIBUTION, ETC. (IMPRINT)
Place of publication, distribution, etc Boston :
Name of publisher, distributor, etc Brill Academic Publishers,
Date of publication, distribution, etc 2002.
300 ## - PHYSICAL DESCRIPTION
Extent xv, 175 p. ;
504 ## - BIBLIOGRAPHY, ETC. NOTE
Bibliography, etc Includes bibliographical references and indexes.
600 00 - SUBJECT ADDED ENTRY--PERSONAL NAME
Personal name Jesus Christ
General subdivision Jewishness
Form subdivision Congresses.
9 (RLIN) 35581
700 1# - ADDED ENTRY--PERSONAL NAME
Personal name Evans, Craig A.
9 (RLIN) 20965
700 1# - ADDED ENTRY--PERSONAL NAME
Personal name Neusner, Jacob,
Dates associated with a name 1932-2016.
9 (RLIN) 35582
906 ## - LOCAL DATA ELEMENT F, LDF (RLIN)
a 7
b cbc
c orignew
d 1
e ecip
f 20
g y-gencatlg
942 ## - ADDED ENTRY ELEMENTS (KOHA)
Source of classification or shelving scheme Library of Congress Classification
Koha item type Monograph ( Printed materials)
Holdings
Withdrawn status Lost status Source of classification or shelving scheme Damaged status Not for loan Collection code Home library Current library Shelving location Date acquired Total Checkouts Full call number Barcode Date last seen Price effective from Koha item type
    Library of Congress Classification     Main Collection ARRUPE LIBRARY ARRUPE LIBRARY Main Collection 04/09/2017   BT590.J8 C445 2002 46500027930 04/09/2017 04/09/2017 Monograph ( Printed materials)

 

Arrupe Library. PO Box MP320 Mt Pleasant, Harare, Zimbabwe
263 242 745411|librarian@aju.ac.zw